Central Library OPAC University of Rajshahi

Lectures on field theory and the many-body problem / (Record no. 8488)

MARC details
000 -LEADER
fixed length control field 00792nam a2200241 a 4500
001 - CONTROL NUMBER
control field 8488
003 - CONTROL NUMBER IDENTIFIER
rucl marc code BD-RjUL
005 - DATE AND TIME OF LATEST TRANSACTION
control field 20211208234610.0
008 - FIXED-LENGTH DATA ELEMENTS--GENERAL INFORMATION
fixed length control field 140118s1961 nyu 001 0 eng d
035 ## - SYSTEM CONTROL NUMBER
System control number (BD-RjUL)8533
040 ## - CATALOGING SOURCE
Original cataloging agency BD-RjUL
Language of cataloging eng
Transcribing agency BD-RjUL
Modifying agency BD-RjUL
041 ## - LANGUAGE CODE
Language code of text/sound track or separate title eng
082 00 - DEWEY DECIMAL CLASSIFICATION NUMBER
Classification number 530.12
Author mark and year LEC 1961
245 00 - TITLE STATEMENT
Title Lectures on field theory and the many-body problem /
Statement of responsibility, etc. edited by E.R. Caianiello
260 ## - PUBLICATION, DISTRIBUTION, ETC. (IMPRINT)
Place of publication, distribution, etc. New York ;
-- London :
Name of publisher, distributor, etc. Academic Press,
Date of publication, distribution, etc. c1961.
300 ## - PHYSICAL DESCRIPTION
Pagination xiii, 327 p. :
Illustrations ill. ;
Size 24 cm
500 ## - GENERAL NOTE
General note Includes indexes.
General note Lectures given at an international Spring School held in Naples [?1961]
650 #0 - SUBJECT ADDED ENTRY--TOPICAL TERM
Topical term or geographic name as entry element Quantum field theory
9 (RLIN) 25662
Topical term or geographic name as entry element Many-body problem
9 (RLIN) 25801
700 1# - ADDED ENTRY--PERSONAL NAME
Personal name Caianiello, Eduardo R.,
Dates associated with a name 1921-
942 ## - ADDED ENTRY ELEMENTS (KOHA)
Source of classification or shelving scheme Dewey Decimal Classification
Koha item type Books
Holdings
Lost status Source of classification or shelving scheme Damaged status Not for loan Collection code Permanent Location Current Location Shelving location Date acquired Source of acquisition Cost, normal purchase price Total Checkouts Full call number Date last seen Copy number Koha item type
  Dewey Decimal Classification   Not For Loan Non-fiction Central Library, University of Rajshahi Central Library, University of Rajshahi   10/11/1965 Zitlinger 84.00   530.12 LEC 1961 18/01/2014 C-1 Books